Taxing wages 2001-2002 special feature

Gespeichert in:
Bibliographische Detailangaben
Format: Buch
Sprache:Englisch
Französisch
Veröffentlicht: Paris OECD 2003
Schriftenreihe:Statistics
Schlagworte:
Tags: Tag hinzufügen
Keine Tags, Fügen Sie das erste Tag hinzu!

MARC

LEADER 00000nam a2200000 4500
001 0011780
005 20240422122259.8
020 |a 92-64-09997-2 
041 0 |a eng 
041 0 |a fre 
044 |a FR 
245 1 0 |a Taxing wages 2001-2002  |b special feature 
264 1 |a Paris  |b OECD  |c 2003 
300 |a 418 s. 
490 1 |a Statistics 
830 0 |a Statistics 
610 2 0 |a mzdy 
610 2 0 |a príjmy 
610 2 0 |a dane 
610 2 0 |a dane z príjmov 
610 2 0 |a náklady 
610 2 0 |a rodina 
610 2 0 |a údaje štatistické 
610 2 0 |a porovnanie štatistické medzinárodné 
610 2 0 |a svet 
610 2 0 |a OECD 
610 2 0 |a 2001-2002